Cider with Rosie /

Guardado en:
Bibliografiske detaljer
Hovedforfatter: Lee, Laurie (autor)
Format: Bog
Sprog:engelsk
Udgivet: Essex, Inglaterra : Longman, 1990, c1979
Tags: Tilføj Tag
Ingen Tags, Vær først til at tagge denne postø!

MARC

LEADER 00000nam^a2200000^a^4500
001 000431054
005 20250526000000.0
009 20260310122939.292
020 |a 0-582-53678-2 
037 |a Acervo ITESO - Biblioteca 
041 |a ING 
091 |a FHM. 05325 
100 |a Lee, Laurie  |e (autor) 
245 1 0 |a Cider with Rosie / 
264 4 |a Essex, Inglaterra :  |b Longman,  |c 1990, c1979 
300 |a 96 p. ;  |c 19.5 cm. 
336 |a texto  |b txt  |2 rdacontenido 
337 |a sin mediación  |b n  |2 rdamedio 
338 |a volumen  |b nc  |2 rdasoporte 
649 |a XX 
910 |a Fondo Hugo B. Margáin 
920 |a Impresos - Libros 
930 |a Libros Antiguos y Raros 
940 |a Literatura 
905 |a 126 
901 |a 0500315087  |b IT2  |c LRA  |i D107631  |u 20250526 
902 |a https://opac.biblio.iteso.mx/vufind/Record/000431054